Buddhist cave paintings at Tun-huang / (Record no. 135149)

MARC details
000 -LEADER
fixed length control field 00774nam a22002537a 4500
005 - DATE AND TIME OF LATEST TRANSACTION
control field 20170124110240.0
010 ## - LIBRARY OF CONGRESS CONTROL NUMBER
LC control number 158657
020 ## - INTERNATIONAL STANDARD BOOK NUMBER
Terms of availability 00.00
035 ## - SYSTEM CONTROL NUMBER
System control number 158657
037 ## - SOURCE OF ACQUISITION
Source of stock number/acquisition Cen Lib/Ret
040 ## - CATALOGING SOURCE
Original cataloging agency DPL
Language of cataloging EN
082 ## - DEWEY DECIMAL CLASSIFICATION NUMBER
Classification number 759.951
Item number GRA
100 ## - MAIN ENTRY--PERSONAL NAME
Personal name Gray, Basil
9 (RLIN) 94717
245 ## - TITLE STATEMENT
Title Buddhist cave paintings at Tun-huang /
Statement of responsibility, etc by Basil Gray ; illustrated by J.B. Vincent
246 ## - VARYING FORM OF TITLE
Remainder of title
260 ## - PUBLICATION, DISTRIBUTION, ETC. (IMPRINT)
Place of publication, distribution, etc London
Name of publisher, distributor, etc Faber and Faber
Date of publication, distribution, etc 1959
270 ## - ADDRESS
City London
Address 24, Russell Square
300 ## - PHYSICAL DESCRIPTION
Extent 86p. :
Dimensions 28cm(Hb)
Other physical details ill.
Accompanying material
500 ## - GENERAL NOTE
General note Includes bibliographical references and index
650 ## - SUBJECT ADDED ENTRY--TOPICAL TERM
Topical term or geographic name as entry element History of Tun-Huang
9 (RLIN) 94718
650 ## - SUBJECT ADDED ENTRY--TOPICAL TERM
Topical term or geographic name as entry element Buddhist paintings
9 (RLIN) 94719
700 ## - ADDED ENTRY--PERSONAL NAME
Personal name Vincent, J.b.
9 (RLIN) 94720
942 ## - ADDED ENTRY ELEMENTS (KOHA)
Source of classification or shelving scheme Dewey Decimal Classification
Koha item type English Books
Classification part 759.951
Call number suffix GRA
Holdings
Withdrawn status Lost status Damaged status Not for loan Collection code Home library Current library Date acquired Source of acquisition Cost, normal purchase price Total Checkouts Full call number Barcode Date last seen Copy number Cost, replacement price Price effective from Koha item type
      Not For Loan Reference Central Library Central Library 01/10/2015 Cen Lib/Ret 0.00   759.951 GRA 158657 01/10/2015 1 0.00 01/10/2015 English Books

© Delhi Public Library
Hit Counter
free hit counter